Amanda a svět /

Hlavní autor: Veskus, Kersti
Korporativní autor: Presto (firma)
Jazyk: Čeština
Vydáno: Olomouc : ARPOK, o.p.s., 2024
Vydání: První vydání
Témata:
Fyzický popis: 55 stran : barevné ilustrace ; 22 x 30 cm
Knihy
Uloženo v:
LEADER 02036nam a2200553 i 4500
001 nkc20243653484
003 CZ PrNK
005 20250128151741.0
007 ta
008 241205s2024 xr a e f 000 j cze
015 |a cnb003653484 
020 |a 978-80-908831-3-0  |q (vázáno) 
035 |a (OCoLC)1498302288 
040 |a OLA001  |b cze  |d ABA001  |e rda 
041 1 |a cze  |h est 
072 7 |a 373.2/.3  |x Předškolní a primární výchova a vzdělávání  |2 Konspekt  |9 22 
080 |a 37.0-027.511  |2 MRF 
080 |a 37.091.3.011.33  |2 MRF 
080 |a 373.24  |2 MRF 
080 |a 373.3  |2 MRF 
080 |a (0:82-321.7)  |2 MRF 
080 |a (035)  |2 MRF 
100 1 |a Veskus, Kersti  |7 ola20251249464  |4 aut 
245 1 0 |a Amanda a svět /  |c autorka příběhů Amandy: Kersti Veskus ; překlad z estonštiny: překladatelská agentura Presto 
250 |a První vydání 
264 1 |a Olomouc :  |b ARPOK, o.p.s.,  |c 2024 
300 |a 55 stran :  |b barevné ilustrace ;  |c 22 x 30 cm 
336 |a text  |b txt  |2 rdacontent 
337 |a bez média  |b n  |2 rdamedia 
338 |a svazek  |b nc  |2 rdacarrier 
500 |a Obsahuje QR kód s přístupem ke knize ve formátu pdf a dalším materiálům 
650 0 7 |a globální výchova  |7 ph120570  |2 czenas 
650 0 7 |a průřezová témata (pedagogika)  |7 ph794956  |2 czenas 
650 0 7 |a mateřské školy  |7 ph122683  |2 czenas 
650 0 7 |a základní školy  |7 ph116795  |2 czenas 
650 0 9 |a global education  |2 eczenas 
650 0 9 |a cross-curricular themes (pedagogy)  |2 eczenas 
650 0 9 |a kindergartens  |2 eczenas 
650 0 9 |a elementary schools  |2 eczenas 
655 7 |a didaktické příběhy  |7 fd132016  |2 czenas 
655 7 |a příručky  |7 fd133209  |2 czenas 
655 9 |a didactic stories  |2 eczenas 
655 9 |a handbooks and manuals  |2 eczenas 
710 2 |a Presto (firma)  |7 olak2012720632  |4 trl 
910 2 |a BOA001  |b 4-1538.274 
990 |a BK 
995 |a 01 
991 |b 202501  |c NOV 
996 6 |b 2610991270  |c 4-1538.274  |l MZK  |r Sklad / do 1 hodiny  |n 0  |p p.v.  |w 001989740  |u 000010  |a 1  |e BOA001  |j MZK50  |s P